01021nam a22002297a 4500003000200000005001700002008004100019050002200060100003000082245014000112260007200252300002800324500003700352504005800389650006200447650004200509650003500551650004600586942001200632999001900644952012800663020250218110427.0250218b xxu||||| |||| 00| 0 eng d aG 155b.Al45 2023 aAlibutud, Jose Miguel F.  aThe effects of technology in the online teacher of tourism faculty in Las Pinas CitycJose Miguel F. Alibutud and Derrick Dale M. Tamse aLas Pinas CitybSouthville International School and Collegescc2023 ax, 139 pages ; c28cm.  aBachelor of Science in Tourism.  aIncludes bibliographical references and appendices.  aTourism—Study and teaching—Philippines—Las Piñas. aEducational technology—Philippines. aOnline teaching—Philippines. aTourism faculty—Training—Philippines. 2lcccTH c367245d367245 00102lcc40aCLbCLcTHESESd2025-02-18eDONATIONkTHESESl0oG 155 .Al45 2023pT1442r2025-02-18 00:00:00w2025-02-18yTH